书目信息 |
| 题名: |
个人代理销售行动指南
|
|
| 作者: | 埃迪斯 , Edic 著 ;派力 译 | |
| 分册: | ||
| 出版信息: | 北京 企业管理出版社 2004.01 |
|
| 页数: | 220页 | |
| 开本: | 21cm | |
| 丛书名: | 派力营销思想库 | |
| 单 册: | ||
| 中图分类: | F713.3 | |
| 科图分类: | ||
| 主题词: | 商品--销售 | |
| 电子资源: | ||
| ISBN: | 7-80147-463-5 | |
| 000 | 01209nam2 2200361 45 | |
| 001 | 012004000000 | |
| 005 | 20041110161652.53 | |
| 010 | @a7-80147-463-5@dCNY 20.00 | |
| 100 | @a20040627d2004 em y0chiy0121 ea | |
| 101 | 1 | @achi@ceng |
| 102 | @aCN@b110000 | |
| 105 | @ay z 000yy | |
| 200 | 1 | @a个人代理销售行动指南@Age ren dai li xiao shou xing dong zhi nan@e中小企业销售技巧@e简易五步的销售艺术@f(美)埃迪斯(Martin Edic)著@g派力译 |
| 205 | @a第2版 | |
| 210 | @a北京@c企业管理出版社@d2004.01 | |
| 215 | @a220页@d21cm | |
| 225 | 2 | @a派力营销思想库@dPilot marketing think bank@v76@zeng |
| 225 | 2 | @a中国营销经理人的工具库 |
| 312 | @a封面并列题名: Guide book of individual succedaneum sales | |
| 320 | @a书末附附录 | |
| 410 | 0 | @12001 @a派力营销思想库 |
| 410 | 0 | @12001 @a中国营销经理人的工具库 |
| 510 | 1 | @aPilot marketing think bank@zeng |
| 510 | 1 | @aGuide book of individual succedaneum sales@zeng |
| 517 | 1 | @a中小企业销售技巧 |
| 517 | 1 | @a简易五步的销售艺术 |
| 606 | 0 | @a商品@x销售 |
| 690 | @aF713.3@v4 | |
| 701 | 1 | @a埃迪斯@Aai di si@bM.@4著 |
| 701 | A1 | @aEdic@bMartin@4著 |
| 712 | 02 | @a派力@Apai li@4译 |
| 801 | 0 | @aCN@bQSSKw@c20041110 |
| 905 | @a10447@dF713.3@eA260 | |
| 个人代理销售行动指南:中小企业销售技巧:简易五步的销售艺术/(美)埃迪斯(Martin Edic)著/派力译.-第2版.-北京:企业管理出版社,2004.01 |
| 220页;21cm.-(派力营销思想库=Pilot marketing think bank;76).-(中国营销经理人的工具库) |
| ISBN 7-80147-463-5:CNY 20.00 |
| ● |
| 相关链接 |
|
|
|
正题名:个人代理销售行动指南
索取号:F713.3/A260
 
预约/预借
| 序号 | 登录号 | 条形码 | 馆藏地/架位号 | 状态 | 备注 |
| 1 | 426490 | 204264900 | 社科二线422/409社科库 40排6列4层/ [索取号:F713.3/A260] | 在馆 | |
| 2 | 426491 | 204264919 | 社科库409/409社科库 40排6列4层/ [索取号:F713.3/A260] | 在馆 | |
| 3 | 426492 | 204264928 | 社科库409/409社科库 40排6列4层/ [索取号:F713.3/A260] | 在馆 |